00488cam a2200181 a 4500001000800000005001700008008004100025010001700066020001500083040001800098041000800116080001800124082002200142100000700164101000800171245006300179504006400242352518720180228084543.0960726s1997 nyua b 001 0 eng  a 96027586  a0070213828 aDLCcDLCdDLC aeng a621.3893 ALT00a621.3893 ALT2201 a40 aMUZ10aSound studio construction on a budget /cF. Alton Everest. aIncludes bibliographical references (p. 286-288) and index.